[Event "Pan American-ch School U15 12th"]
[Site "Callao"]
[Date "2023.10.17"]
[Round "4"]
[White "Parra Gonzales, Andre Leonardo"]
[Black "Cardenas Lima, Vincent Matias"]
[Result "1/2-1/2"]
[WhiteElo "1941"]
[BlackElo "1682"]
[PlyCount "57"]
[EventDate "2023.10.16"]
[EventType "swiss"]
[EventRounds "9"]
[EventCountry "PER"]
[SourceTitle "Mega2024 Update 01"]
[Source "Chessbase"]
[SourceDate "2023.11.12"]
[SourceVersion "1"]
[SourceVersionDate "2023.11.12"]
[SourceQuality "1"]

1. e4 c5 2. Nf3 g6 3. c4 Nc6 4. d4 cxd4 5. Nxd4 Nf6 6. Nc3 Nxd4 7. Qxd4 d6 8. Be3 Bg7 9. Be2 0-0 10. Qd2 a5 11. 0-0 a4 12. Rab1 Qa5 13. Rfc1 Be6 14. b4 axb3 15. axb3 Qb4 16. Qc2 Rfc8 17. f3 Nd7 18. Nb5 d5 19. exd5 Bxd5 20. Qd1 Be6 21. Nd4 Nc5 22. Nxe6 Nxe6 23. c5 Rd8 24. Qe1 Qxe1+ 25. Rxe1 Nd4 26. Bf2 Nxe2+ 27. Rxe2 e6 28. b4 Bd4 29. Bxd4 1/2-1/2

[Event "Pan American-ch School U15 12th"]
[Site "Callao"]
[Date "2023.10.16"]
[Round "1"]
[White "Pariona Palomino, Miguel Angel"]
[Black "Parra Gonzales, Andre Leonardo"]
[Result "1/2-1/2"]
[WhiteElo "1381"]
[BlackElo "1941"]
[PlyCount "63"]
[EventDate "2023.10.16"]
[EventType "swiss"]
[EventRounds "9"]
[EventCountry "PER"]
[SourceTitle "Mega2024 Update 01"]
[Source "Chessbase"]
[SourceDate "2023.11.12"]
[SourceVersion "1"]
[SourceVersionDate "2023.11.12"]
[SourceQuality "1"]

1. e4 c5 2. Nf3 d6 3. c3 Nf6 4. h3 Nc6 5. Bd3 d5 6. e5 c4 7. Bc2 Nd7 8. Qe2 Qc7 9. e6 fxe6 10. Ng5 Nde5 11. 0-0 g6 12. f4 Nd3 13. Bxd3 cxd3 14. Qxd3 Qd6 15. b3 e5 16. fxe5 Nxe5 17. Qb5+ Bd7 18. Qe2 Bh6 19. d4 Bxg5 20. Bxg5 Nf7 21. Bf4 Qc6 22. Qd3 Qb6 23. Nd2 0-0 24. Rae1 Rae8 25. Nf3 Bf5 26. Qe3 Be4 27. Ne5 Nxe5 28. Bxe5 Rf7 29. Qh6 Ref8 30. c4 Qa5 31. h4 Qc3 32. Rd1 1/2-1/2

[Event "South America-ch 1st"]
[Site "Lima"]
[Date "2023.09.20"]
[Round "7"]
[White "Ramirez Ramirez, Anderson"]
[Black "Parra Gonzales, Andre Leonardo"]
[Result "0-1"]
[WhiteElo "1780"]
[BlackElo "2011"]
[PlyCount "48"]
[EventDate "2023.09.14"]
[EventType "swiss"]
[EventRounds "9"]
[EventCountry "PER"]
[SourceTitle "EXT 2024"]
[Source "ChessBase"]
[SourceDate "2023.10.10"]
[SourceVersion "1"]
[SourceVersionDate "2023.10.10"]
[SourceQuality "1"]

1. d4 Nf6 2. c4 e6 3. Nc3 Bb4 4. Qc2 0-0 5. Bg5 c5 6. dxc5 Na6 7. e3 Nxc5 8. Bxf6 Qxf6 9. Rc1 a5 10. Nf3 a4 11. Bd3 a3 12. 0-0 axb2 13. Bxh7+ Kh8 14. Qxb2 Bxc3 15. Rxc3 Kxh7 16. Qb5 d6 17. Qb1+ Kg8 18. Rfc1 e5 19. e4 Qg6 20. Re3 f5 21. exf5 Bxf5 22. Qb6 Ra6 23. Qc7 Rc8 24. Qe7 Qf6 0-1

[Event "South America-ch 1st"]
[Site "Lima"]
[Date "2023.09.17"]
[Round "4"]
[White "Garay Ramirez, Estefano Javier"]
[Black "Parra Gonzales, Andre Leonardo"]
[Result "1-0"]
[WhiteElo "1510"]
[BlackElo "2011"]
[PlyCount "77"]
[EventDate "2023.09.14"]
[EventType "swiss"]
[EventRounds "9"]
[EventCountry "PER"]
[SourceTitle "EXT 2024"]
[Source "ChessBase"]
[SourceDate "2023.10.10"]
[SourceVersion "1"]
[SourceVersionDate "2023.10.10"]
[SourceQuality "1"]

1. d4 Nf6 2. c4 e6 3. Nf3 d5 4. g3 dxc4 5. Bg2 a6 6. 0-0 Nc6 7. Qc2 b5 8. Ne5 Nb4 9. Qd1 Nbd5 10. e4 Ne7 11. f4 Bb7 12. Nc3 Ng6 13. Be3 Bb4 14. Ng4 Bxc3 15. Nxf6+ gxf6 16. bxc3 f5 17. a4 Ne7 18. Qh5 Qd7 19. axb5 axb5 20. exf5 Rxa1 21. Rxa1 Bxg2 22. fxe6 Qxe6 23. Kxg2 0-0 24. Qg5+ Kh8 25. Qe5+ Qxe5 26. dxe5 Nf5 27. Bc5 Rd8 28. Kf3 h5 29. Ke4 Nh6 30. Ra7 Rc8 31. f5 Kh7 32. Rb7 c6 33. Be3 Ng4 34. Rxf7+ Kg8 35. e6 c5 36. Rb7 b4 37. cxb4 cxb4 38. Bd4 Kf8 39. h3 1-0

[Event "South America-ch 1st"]
[Site "Lima"]
[Date "2023.09.16"]
[Round "3"]
[White "Parra Gonzales, Andre Leonardo"]
[Black "Vilca Contreras, Dante Ivan"]
[Result "1-0"]
[WhiteElo "2011"]
[BlackElo "1489"]
[PlyCount "137"]
[EventDate "2023.09.14"]
[EventType "swiss"]
[EventRounds "9"]
[EventCountry "PER"]
[SourceTitle "EXT 2024"]
[Source "ChessBase"]
[SourceDate "2023.10.10"]
[SourceVersion "1"]
[SourceVersionDate "2023.10.10"]
[SourceQuality "1"]

1. e4 e5 2. Nf3 Nc6 3. Bb5 a6 4. Ba4 d6 5. c3 Bd7 6. d4 Nge7 7. h4 Ng8 8. d5 Nb8 9. c4 Nf6 10. Nc3 Be7 11. Nh2 0-0 12. Bc2 Ne8 13. g3 f5 14. exf5 Bxf5 15. Bxf5 Rxf5 16. Ne4 Rf8 17. Be3 h6 18. Qh5 Nf6 19. Nxf6+ Bxf6 20. Ng4 Qe7 21. 0-0 Qf7 22. Qf5 Be7 23. Qxf7+ Kxf7 24. f4 exf4 25. Rxf4+ Kg6 26. Re4 Rf7 27. Re6+ Kh7 28. Rf1 Rxf1+ 29. Kxf1 Bd8 30. Re8 Nd7 31. h5 Rb8 32. Ba7 Ra8 33. Bd4 Rb8 34. Ne3 Bg5 35. Re6 Bxe3 36. Rxe3 Rf8+ 37. Kg2 Kg8 38. Kh3 Nf6 39. Re7 Nxh5 40. Rxc7 Rf7 41. Bb6 Nf6 42. b4 Rxc7 43. Bxc7 Ne4 44. Kg4 Nd2 45. c5 dxc5 46. bxc5 Ne4 47. c6 bxc6 48. dxc6 Kf7 49. Kf4 Nc3 50. Ba5 Nb5 51. Ke5 Ke7 52. Bb4+ Ke8 53. a4 Na7 54. Kd6 Kd8 55. c7+ Ke8 56. Bc5 Nc8+ 57. Ke6 h5 58. Be3 g6 59. a5 g5 60. Bxg5 Na7 61. Be3 Nc8 62. Bc5 h4 63. gxh4 Nd6 64. Kxd6 Kf7 65. c8Q Kg6 66. Be3 Kh5 67. Qg8 Kxh4 68. Bf4 Kh5 69. Qg5# 1-0

[Event "PER-ch"]
[Site "Lima"]
[Date "2023.09.03"]
[Round "8"]
[White "Parra Gonzales, Andre Leonardo"]
[Black "Lapa Cunias, Marco Antonio"]
[Result "1/2-1/2"]
[WhiteElo "1865"]
[BlackElo "1501"]
[PlyCount "50"]
[EventDate "2023.08.29"]
[EventType "swiss"]
[EventRounds "9"]
[EventCountry "PER"]
[SourceTitle "EXT 2024"]
[Source "ChessBase"]
[SourceDate "2023.10.10"]
[SourceVersion "1"]
[SourceVersionDate "2023.10.10"]
[SourceQuality "1"]

1. e4 c5 2. Nf3 d6 3. d4 cxd4 4. Nxd4 Nf6 5. Nc3 Nc6 6. Bc4 Qb6 7. Nb3 e6 8. Be3 Qc7 9. f4 a6 10. Be2 Be7 11. 0-0 b5 12. a3 Bb7 13. Bf3 0-0 14. g4 Nd7 15. Qe2 Nb6 16. Rae1 Nc4 17. Bc1 N6a5 18. Nxa5 Qxa5 19. Nb1 Rac8 20. b3 Qb6+ 21. Kh1 Na5 22. Bb2 Rc7 23. Qd3 Rfc8 24. Bd4 Qc6 25. Re2 Rd7 1/2-1/2

[Event "PER-ch"]
[Site "Lima"]
[Date "2023.08.30"]
[Round "2"]
[White "Parra Gonzales, Andre Leonardo"]
[Black "Palomino Landeo, Diego Fernando"]
[Result "1-0"]
[WhiteElo "1865"]
[BlackElo "1684"]
[PlyCount "109"]
[EventDate "2023.08.29"]
[EventType "swiss"]
[EventRounds "9"]
[EventCountry "PER"]
[SourceTitle "EXT 2024"]
[Source "ChessBase"]
[SourceDate "2023.10.10"]
[SourceVersion "1"]
[SourceVersionDate "2023.10.10"]
[SourceQuality "1"]

1. e4 e6 2. d4 d5 3. Nc3 Nf6 4. e5 Nfd7 5. f4 c5 6. Nce2 Be7 7. Nf3 0-0 8. g3 Nc6 9. c3 Qb6 10. Bh3 f6 11. Bxe6+ Kh8 12. exf6 Nxf6 13. Bxc8 Raxc8 14. 0-0 cxd4 15. cxd4 Ne4 16. a3 Bf6 17. Kg2 Na5 18. b4 Nc4 19. f5 Rfe8 20. Qd3 Qc6 21. Ra2 Ncd6 22. g4 Nc3 23. Rc2 Rxe2+ 24. Rxe2 Nxe2 25. Qxe2 Ne4 26. Bf4 Qc2 27. Re1 Qxe2+ 28. Rxe2 h6 29. Be5 Rc3 30. Ra2 Rb3 31. h4 Nc3 32. Rc2 Rxa3 33. g5 hxg5 34. hxg5 Bd8 35. Kg3 Kg8 36. Kf4 a5 37. bxa5 Bxa5 38. f6 Ra2 39. Rxa2 Nxa2 40. Kf5 gxf6 41. gxf6 Nc3 42. Kg6 Bc7 43. f7+ Kf8 44. Bg7+ Ke7 45. f8Q+ Kd7 46. Ne5+ Bxe5 47. Bxe5 Ne4 48. Qf7+ Kc6 49. Qe6+ Kb5 50. Qxd5+ Ka6 51. Qxe4 Kb6 52. Qd5 Ka6 53. Bc7 b6 54. Qc6 Ka5 55. Qxb6+ 1-0

[Event "Pan American-ch U14"]
[Site "Montevideo"]
[Date "2022.06.27"]
[Round "3"]
[White "Diaz Bermudez, Pedro Teofilo"]
[Black "Parra Gonzales, Andre Leonardo"]
[Result "0-1"]
[WhiteElo "1408"]
[BlackElo "1844"]
[PlyCount "82"]
[EventDate "2022.06.26"]
[EventType "swiss"]
[EventRounds "9"]
[EventCountry "URU"]
[SourceTitle "EXT 2023"]
[Source "ChessBase"]
[SourceDate "2022.10.05"]
[SourceVersion "1"]
[SourceVersionDate "2022.10.05"]
[SourceQuality "1"]

1. d4 Nf6 2. c4 c5 3. Nf3 cxd4 4. Nxd4 e6 5. Nc3 a6 6. e4 Bb4 7. Bd3 Nc6 8. Be3 Qa5 9. 0-0 0-0 10. Nce2 Ng4 11. Nxc6 dxc6 12. Bd4 e5 13. Bc3 Rd8 14. a3 Bxc3 15. Nxc3 f5 16. Qc2 f4 17. Be2 Nf6 18. b4 Qc7 19. Rad1 Be6 20. Rxd8+ Rxd8 21. Rd1 b5 22. Rxd8+ Qxd8 23. cxb5 cxb5 24. Qd3 Qd4 25. Qxd4 exd4 26. Nxb5 axb5 27. Bxb5 Nxe4 28. Bd3 Nd2 29. a4 Bc4 30. Bf5 d3 31. b5 Nb3 32. b6 d2 33. Bg4 Na5 34. Bd1 Kf7 35. f3 Ke7 36. Kf2 Kd6 37. g3 g5 38. Be2 Bb3 39. h4 gxh4 40. gxh4 d1Q 41. Bxd1 Bxd1 0-1

[Event "Pan American-ch U14"]
[Site "Montevideo"]
[Date "2022.06.27"]
[Round "2"]
[White "Parra Gonzales, Andre Leonardo"]
[Black "Caceres Benitez, Arturo Eduardo"]
[Result "0-1"]
[WhiteElo "1844"]
[BlackElo "1510"]
[PlyCount "134"]
[EventDate "2022.06.26"]
[EventType "swiss"]
[EventRounds "9"]
[EventCountry "URU"]
[SourceTitle "EXT 2023"]
[Source "ChessBase"]
[SourceDate "2022.10.05"]
[SourceVersion "1"]
[SourceVersionDate "2022.10.05"]
[SourceQuality "1"]

1. e4 c5 2. Nf3 Nc6 3. Bb5 g6 4. c3 a6 5. Bxc6 bxc6 6. d3 Bg7 7. Be3 Rb8 8. Qc2 d6 9. h3 e5 10. Nbd2 f5 11. Bg5 Qc7 12. exf5 h6 13. Bh4 gxf5 14. 0-0 Ne7 15. Rfe1 0-0 16. d4 cxd4 17. cxd4 e4 18. Bxe7 Qxe7 19. Nb3 Be6 20. Nfd2 Bd5 21. Rad1 Qf7 22. f3 Qg6 23. fxe4 fxe4 24. Re3 a5 25. Nc4 a4 26. Nc1 Qf7 27. b3 Kh8 28. Ree1 Bxc4 29. Qxc4 Qxc4 30. bxc4 d5 31. Re2 Rb4 32. Rc2 Rd8 33. Ne2 c5 34. dxc5 d4 35. Ng3 d3 36. Rcc1 Bb2 37. Rb1 Bd4+ 38. Kh1 Rxb1 39. Rxb1 e3 40. c6 e2 41. c7 Rc8 42. Nxe2 dxe2 43. Re1 Rxc7 44. Rxe2 Rxc4 45. Re4 Kg7 46. g4 a3 47. Kg2 Rc2+ 48. Kf3 Bf6 49. Ra4 Rxa2 50. Ra7+ Kg6 51. Ra8 Ra1 52. Rg8+ Kf7 53. Ra8 a2 54. Kg2 Be5 55. h4 Bf6 56. h5 Be5 57. Ra6 Bf6 58. Ra5 Ke6 59. Ra8 Kd5 60. Ra5+ Kc4 61. Ra8 Be5 62. Ra7 Rg1+ 63. Kxg1 Bd4+ 64. Kg2 Bxa7 65. g5 hxg5 66. h6 g4 67. h7 a1Q 0-1

[Event "Hibrido del Sur op U2200"]
[Site "Porlamar"]
[Date "2021.08.27"]
[Round "1"]
[White "Marin Gomez, Daniel Alejandro"]
[Black "Parra Gonzales, Andre Leonardo"]
[Result "1/2-1/2"]
[WhiteElo "1727"]
[BlackElo "1118"]
[PlyCount "84"]
[EventDate "2021.08.27"]
[EventType "swiss"]
[EventRounds "7"]
[EventCountry "VEN"]
[SourceTitle "EXT 2023"]
[Source "ChessBase"]
[SourceDate "2022.10.05"]
[SourceVersion "1"]
[SourceVersionDate "2022.10.05"]
[SourceQuality "1"]

1. d4 Nf6 2. Nf3 g6 3. Bf4 Bg7 4. e3 0-0 5. Be2 d6 6. h3 c5 7. c3 b6 8. Nbd2 Bb7 9. a4 a6 10. 0-0 Nbd7 11. Qb3 Ra7 12. Rfe1 Qa8 13. Bf1 Ne4 14. Nxe4 Bxe4 15. Nd2 Bc6 16. Bh2 Rc8 17. Bc4 Bxg2 18. Bxf7+ Kh8 19. Be6 Rf8 20. e4 Bf3 21. Nxf3 Rxf3 22. Bg4 Rf8 23. e5 h5 24. Be6 Qf3 25. Bg3 cxd4 26. cxd4 Qxb3 27. Bxb3 dxe5 28. dxe5 Nc5 29. Bc2 Kh7 30. f4 Ne6 31. Rf1 Nd4 32. Be4 Bh6 33. Rad1 Ne2+ 34. Kh2 Nxf4 35. Bf2 Rc7 36. Bxb6 Rc4 37. Bb1 Rb4 38. Bd4 Ne2 39. Rxf8 Bxf8 40. Bc3 Nxc3 41. bxc3 Rxa4 42. Rg1 Bg7 1/2-1/2

[Event "ECU Clasif2 U13"]
[Site "Chess.com INT"]
[Date "2020.12.18"]
[Round "1"]
[White "Garay Ramirez, Estefano Javier"]
[Black "Parra Gonzales, Andre Leonardo"]
[Result "0-1"]
[WhiteElo "1099"]
[BlackElo "1118"]
[PlyCount "68"]
[EventDate "2020.12.18"]
[EventType "swiss"]
[EventRounds "9"]
[EventCountry "ECU"]
[SourceTitle "EXT 2022"]
[Source "ChessBase"]
[SourceDate "2021.10.06"]
[SourceVersion "1"]
[SourceVersionDate "2021.10.06"]
[SourceQuality "1"]

1. c4 c5 2. Nf3 Nc6 3. d4 cxd4 4. Nxd4 Nf6 5. Nc3 a6 6. e4 e6 7. Be2 Bb4 8. f3 d5 9. cxd5 exd5 10. Nxc6 bxc6 11. exd5 cxd5 12. Bd2 0-0 13. 0-0 Be6 14. Rc1 d4 15. Ne4 Bxd2 16. Qxd2 Bxa2 17. Nc5 Qd6 18. Rfd1 Rfb8 19. Qxd4 Qxd4+ 20. Rxd4 Rxb2 21. Bd3 a5 22. Be4 Nxe4 23. Nxe4 h6 24. Rd7 Be6 25. Rdc7 a4 26. Nd6 a3 27. Nc4 Bxc4 28. R7xc4 a2 29. Rc8+ Rxc8 30. Rxc8+ Kh7 31. Ra8 Rb1+ 32. Kf2 a1Q 33. Rxa1 Rxa1 34. Kg3 Ra4 0-1

[Event "ECU Clasif2 U13"]
[Site "Chess.com INT"]
[Date "2020.12.18"]
[Round "7"]
[White "Garzon Zapatanga, Christopher Leonel"]
[Black "Parra Gonzales, Andre Leonardo"]
[Result "1/2-1/2"]
[WhiteElo "1697"]
[BlackElo "1118"]
[PlyCount "109"]
[EventDate "2020.12.18"]
[EventType "swiss"]
[EventRounds "9"]
[EventCountry "ECU"]
[SourceTitle "EXT 2022"]
[Source "ChessBase"]
[SourceDate "2021.10.06"]
[SourceVersion "1"]
[SourceVersionDate "2021.10.06"]
[SourceQuality "1"]

1. e4 c5 2. Nf3 e6 3. d4 cxd4 4. Nxd4 a6 5. c4 Qc7 6. Nc3 Nf6 7. f3 Bb4 8. Be2 d5 9. exd5 exd5 10. Qa4+ Nc6 11. Nxc6 Bxc3+ 12. bxc3 Qxc6 13. Qxc6+ bxc6 14. cxd5 cxd5 15. Bg5 Be6 16. Rb1 0-0 17. Kd2 Nd7 18. Rhc1 Rfb8 19. Bf4 Rb6 20. Be3 Rc6 21. Bd4 Rac8 22. a4 f6 23. a5 Ne5 24. Rb4 Nc4+ 25. Bxc4 dxc4 26. Rcb1 R8c7 27. Rb6 Kf7 28. Ke3 g5 29. f4 Bd5 30. fxg5 fxg5 31. Rf1+ Kg6 32. Rf6+ Kh5 33. Kf2 Rxf6+ 34. Rxf6 Rf7 35. Rxf7 Bxf7 36. Be5 Bd5 37. Kg3 Kg6 38. Kf2 Kf5 39. Bd4 h5 40. h3 g4 41. h4 Kf4 42. g3+ Ke4 43. Ke2 Bc6 44. Be3 Ba4 45. Bf4 Bc2 46. Kd2 Bd3 47. Kc1 Kf3 48. Kb2 Ke4 49. Ka3 Kd5 50. Kb4 Be2 51. Ka3 Bd3 52. Kb2 Ke4 53. Kc1 Kf3 54. Kd2 Ke4 55. Kc1 1/2-1/2

[Event "ECU Clasif2 U13"]
[Site "Chess.com INT"]
[Date "2020.12.18"]
[Round "8"]
[White "Parra Gonzales, Andre Leonardo"]
[Black "Ulloa Centeno, Leandro Nicolas"]
[Result "1-0"]
[WhiteElo "1118"]
[BlackElo "1353"]
[PlyCount "145"]
[EventDate "2020.12.18"]
[EventType "swiss"]
[EventRounds "9"]
[EventCountry "ECU"]
[SourceTitle "EXT 2022"]
[Source "ChessBase"]
[SourceDate "2021.10.06"]
[SourceVersion "1"]
[SourceVersionDate "2021.10.06"]
[SourceQuality "1"]

1. e4 e6 2. Qe2 c5 3. c3 Nc6 4. g3 g6 5. Bg2 Bg7 6. Na3 Nge7 7. Nf3 0-0 8. 0-0 a6 9. Nc2 b5 10. d4 cxd4 11. Ncxd4 Bb7 12. Be3 Rc8 13. Rad1 Qa5 14. Nxc6 Bxc6 15. Bc5 Rfe8 16. Bxe7 Rxe7 17. a3 Qb6 18. Nd4 Qb7 19. Nxc6 Qxc6 20. e5 Qc7 21. f4 h5 22. Rd6 Qa7+ 23. Kh1 Bf8 24. Rfd1 Rc7 25. Qd3 Qf2 26. Qd2 Qa7 27. Bf3 a5 28. Qd4 Qb8 29. Rb6 Qa7 30. Rxb5 Qa6 31. a4 Bg7 32. Qb6 Qc8 33. Qxa5 Kh7 34. Qa8 Qxa8 35. Bxa8 Ra7 36. Be4 Rxa4 37. Rb7 Rxe4 38. Rbxd7 Rxd7 39. Rxd7 Kg8 40. Rd8+ Bf8 41. Rd2 Bc5 42. b4 Bb6 43. Rd6 Be3 44. Kg2 Rc4 45. Rd3 Bb6 46. Kf3 Kf8 47. Ke2 Ke7 48. Kd2 Re4 49. Rd6 Bg1 50. b5 Ra4 51. b6 Ra6 52. b7 Ra2+ 53. Kd3 Rb2 54. Rc6 Rxb7 55. Ke4 Bxh2 56. Kf3 Kd7 57. Rc4 Rc7 58. Rd4+ Ke7 59. Kg2 Bxg3 60. Kxg3 Rxc3+ 61. Kh4 f6 62. Rb4 fxe5 63. fxe5 Re3 64. Rb5 Re4+ 65. Kg5 Rg4+ 66. Kh6 h4 67. Rb7+ Kd8 68. Kg7 h3 69. Kf6 h2 70. Rh7 Rg2 71. Kxe6 g5 72. Kd6 g4 73. Rh8# 1-0

[Event "ECU Clasif1 U13"]
[Site "Chess.com INT"]
[Date "2020.12.17"]
[Round "3"]
[White "Parra Gonzales, Andre Leonardo"]
[Black "Morales Risco, Hugo Alexander"]
[Result "1-0"]
[WhiteElo "1118"]
[BlackElo "1313"]
[PlyCount "67"]
[EventDate "2020.12.17"]
[EventType "swiss"]
[EventRounds "9"]
[EventCountry "ECU"]
[SourceTitle "EXT 2022"]
[Source "ChessBase"]
[SourceDate "2021.10.06"]
[SourceVersion "1"]
[SourceVersionDate "2021.10.06"]
[SourceQuality "1"]

1. e4 c5 2. Nf3 Nc6 3. d4 cxd4 4. Nxd4 e5 5. Nb5 d6 6. N1c3 Nf6 7. Bg5 a6 8. Na3 b5 9. Nd5 Be7 10. Bxf6 Bxf6 11. c3 Bg5 12. Bd3 Be6 13. Nc2 0-0 14. 0-0 Ne7 15. Nxe7+ Qxe7 16. g3 f5 17. exf5 Bxf5 18. Bxf5 Rxf5 19. Qd5+ Rf7 20. Qxa8+ Rf8 21. Qxa6 h5 22. Qxb5 h4 23. Qd5+ Kh8 24. Nb4 hxg3 25. fxg3 Be3+ 26. Kg2 Re8 27. Rf7 Qg5 28. Raf1 Bf4 29. Nd3 Qg6 30. Nxf4 exf4 31. R7xf4 Kh7 32. Rf7 Re2+ 33. R7f2 Rxf2+ 34. Rxf2 1-0